000 01080na a2200289 4500
001 19363
003 MIRAKIL
005 20181213155246.0
008 170228b tu 000 0
040 _aMilas
_btur
_cTR-AnCHP
041 _atur
082 _a328.31
_bN32 2011
090 _a328.31 N32 2011
245 _aNeden ikinci meclis (senato)?
_bMilli Güvenlik Kurulu (MGK), Anayasa Mahkemesi ve Cumhurbaşkanlığı ikinci meclisin yerini doldurabilir mi?
_cHazırlayan Ertuğrul Çepni
246 _aAnayasa Mahkemesi ve Cumhurbaşkanlığı ikinci meclisin yerini doldurabilir mi?
250 _a4. bs.
260 _aİstanbul
_b[yayl.y.]
_c2008
_fOtak Form-Ofset
300 _a58 s.
_bres.
_c21 sm.
500 _aDış kapakta adı: Çift meclisli siyasal yapı neden daha sağlıklıdır?
504 _aKaynakça var.
650 _aMilli Güvenlik Kurulu
650 _aAnayasa Mahkemesi
650 _aYasama organları
_xİkinci meclis
700 _aÇepni, Ertuğrul
740 _aÇift meclisli siyasal yapı neden daha sağlıklıdır?
942 _2ddc
_cBKS
999 _c9434
_d9434